| 000 | 00372 a2200109 4500 | ||
|---|---|---|---|
| 001 | ART_61897 | ||
| 005 | 20260410162057.0 | ||
| 008 | 260409a | ||
| 245 | 1 | 0 | _aImplementación del Código Procesal Penal Federal en Argentina |
| 100 | 1 | _aBorinsky, Mariano H. | |
| 773 | 0 |
_tTemas de derecho penal y procesal penal _g- Año 6, N° 12 (dic. 2024) _wREV60798 |
|
| 999 |
_c36363 _d36363 |
||